00365 a2200121 4500003000500000005001700005040000900022082000800031245007700039260003200116650007200148651002300220Nust20170207165824.0 cNust a799 aClosing Address of Fresh Entry (Dr Qaisar NUST HQ) Photographs-2014cMCS aRawalpindibMCSc26-09-2014 aClosing Address of Fresh Entry (Dr Qaisar NUST HQ) Photographs-2014 aSweet Memories-MCS